Essentials of Services Marketing: (Record no. 3430)

MARC details
005 - DATE AND TIME OF LATEST TRANSACTION
control field 20250607114325.0
020 ## - INTERNATIONAL STANDARD BOOK NUMBER
International Standard Book Number 0-03-028892-4
082 ## - DEWEY DECIMAL CLASSIFICATION NUMBER
Classification number T E A LECT 658.8 HOF
100 ## - MAIN ENTRY--PERSONAL NAME
Author name HOFFMAN, K . D .
245 ## - TITLE STATEMENT
Title Essentials of Services Marketing:
250 ## - EDITION STATEMENT
Edition statement 2nd Ed.
260 ## - PUBLICATION, DISTRIBUTION, ETC.
Place of publication, distribution, etc. Autralia,
Name of publisher, distributor, etc. Thomson-Western,
Date of publication, distribution, etc. 2001.
300 ## - PHYSICAL DESCRIPTION
Extent xxi, 569p.: ill.; figure, picture, table,
Other physical details index,
Dimensions 25cm.
700 ## - ADDED ENTRY--PERSONAL NAME
Other authors/Editors BATESON, J .E . G .
942 ## - ADDED ENTRY ELEMENTS (KOHA)
Source of classification or shelving scheme Dewey Decimal Classification
Koha item type Books
Holdings
Date last seen Total checkouts Full call number Barcode Cost, replacement price Price effective from Koha item type Lost status Source of classification or shelving scheme Damaged status Not for loan Withdrawn status Home library Current library Shelving location Date acquired Cost, normal purchase price
06/07/2025   T E A LECT 658.8 HOF 00000011573 241815.00 06/07/2025 Books   Dewey Decimal Classification       College of Business Education Main Library College of Business Education Main Library General Collection 04/22/2005 80605.00